| 000 | 00645cam a22002172 4500 | ||
|---|---|---|---|
| 001 | 0000002728 | ||
| 005 | 20151217151903.0 | ||
| 008 | 070419s xx 000 0 eng d | ||
| 020 | _a0151711410 : | ||
| 040 |
_aKABU _cKABU |
||
| 050 | 0 |
_aPR6011 _b.O58P37 |
|
| 100 | 1 |
_aForster, Edward Morgan. _@0000152230 |
|
| 245 | 1 | 2 |
_aA Passage to India / _cE. M. Forster. |
| 260 |
_aNew York : _bHarcourt Brace & Company, _c1989. |
||
| 300 |
_a362 p. ; _c21 cm. |
||
| 650 | 0 |
_aRace relations _xFiction. _@0000152231 |
|
| 651 | 0 |
_aIndia _xFiction. _@0000152232 |
|
| 908 | _a070419 | ||
| 950 | _@1 | ||
| 999 |
_c5993 _d5993 |
||